<?xml version="1.0" encoding="UTF-8"?>
<record
    xmlns:xsi="http://www.w3.org/2001/XMLSchema-instance"
    xsi:schemaLocation="http://www.loc.gov/MARC21/slim http://www.loc.gov/standards/marcxml/schema/MARC21slim.xsd"
    xmlns="http://www.loc.gov/MARC21/slim">

  <leader>00745nam a22001817a 4500</leader>
  <datafield tag="999" ind1=" " ind2=" ">
    <subfield code="c">30905</subfield>
    <subfield code="d">30905</subfield>
  </datafield>
  <controlfield tag="008">210127b           ||||| |||| 00| 0 eng d</controlfield>
  <datafield tag="020" ind1=" " ind2=" ">
    <subfield code="a">9780804770910</subfield>
  </datafield>
  <datafield tag="050" ind1=" " ind2=" ">
    <subfield code="a">HG 4751.</subfield>
    <subfield code="b">.S594 2011</subfield>
  </datafield>
  <datafield tag="100" ind1=" " ind2=" ">
    <subfield code="a">Janet Kiholm Smith</subfield>
  </datafield>
  <datafield tag="245" ind1=" " ind2=" ">
    <subfield code="a">Entrepreneurial finance : strategy, valuation, and deal structure</subfield>
    <subfield code="b"> strategy, valuation, and deal structure</subfield>
    <subfield code="c">	Janet Kiholm Smith, Richard L. Smith, and Richard T. Bliss.</subfield>
  </datafield>
  <datafield tag="260" ind1=" " ind2=" ">
    <subfield code="a">Stanford, Calif. : </subfield>
    <subfield code="b">Stanford Economics and Finance, </subfield>
    <subfield code="c">2011.</subfield>
  </datafield>
  <datafield tag="300" ind1=" " ind2=" ">
    <subfield code="a">xlii, 702 pages : </subfield>
    <subfield code="b">illustrations;</subfield>
    <subfield code="c">26cm.</subfield>
  </datafield>
  <datafield tag="500" ind1=" " ind2=" ">
    <subfield code="a">includes references and index</subfield>
  </datafield>
  <datafield tag="650" ind1=" " ind2=" ">
    <subfield code="a"> Entrepreneurship.</subfield>
  </datafield>
  <datafield tag="700" ind1=" " ind2=" ">
    <subfield code="a">Richard L Smith; </subfield>
  </datafield>
  <datafield tag="700" ind1=" " ind2=" ">
    <subfield code="a">Richard T Bliss</subfield>
  </datafield>
  <datafield tag="942" ind1=" " ind2=" ">
    <subfield code="2">lcc</subfield>
    <subfield code="c">BOOKS</subfield>
    <subfield code="h">HG 4751 .S594 2011</subfield>
  </datafield>
  <datafield tag="952" ind1=" " ind2=" ">
    <subfield code="0">0</subfield>
    <subfield code="1">0</subfield>
    <subfield code="2">lcc</subfield>
    <subfield code="4">0</subfield>
    <subfield code="7">0</subfield>
    <subfield code="a">MUC</subfield>
    <subfield code="b">MUC</subfield>
    <subfield code="c">%</subfield>
    <subfield code="d">2021-01-27</subfield>
    <subfield code="e">Purchase - Njigua Books</subfield>
    <subfield code="l">2</subfield>
    <subfield code="o">HG 4751 .S594 2011</subfield>
    <subfield code="p">23575</subfield>
    <subfield code="r">2022-11-25</subfield>
    <subfield code="s">2022-11-04</subfield>
    <subfield code="v">11038.00</subfield>
    <subfield code="w">2021-01-27</subfield>
    <subfield code="y">BOOKS</subfield>
  </datafield>
</record>
